000 00586nam a2200181 i 4500
001 48259
003 ES-MaACL
005 20230906161724.0
007 t|
008 950710s1876 fr ||||1| fre d
040 _aCAM
_bspa
_cCAM
100 1 _aChevalier, Michel.
_938420
245 1 3 _aLe renouvellement des traités de commerce /
_cpar Michel Chevalier.
260 _aParis :
_b[s.n.],
_c1876 (
_fImprimerie de J. Claye)
300 _a46 p. ;
_c25 cm.
500 _aExtrait de la Revue des Deux Mondes, livraison du 15 juin 1876.
852 _aES-MaACL
_jT-1285-F-4
_z.- Donat. Bosch
999 _c48259
_d48259